000 01245nam a2200241 i 4500
001 165116
003 ES-MaACL
005 20250906063134.0
008 931025m18811886sp a |||| | spa d
100 1 _aSegovia, Angel María,
_dn. 1848
_9132629
245 1 0 _aFiguras y figurones
_b: biografías de los hombres que más figuran actualmente así en la política como en las armas, ciencias, artes, magistratura, alta banca... /
_csu autor Angel Mª Segovia.
250 _a2ª ed. corr. y aum.
260 _aMadrid :
_b[s.n.],
_c1881-1886 (
_fEnrique Jaramillo, Impresor)
300 _a44 v. :
_bil. ;
_c16 cm.
510 4 _aPalau,
_c306000
530 _aDisponible en formato digital.
596 _aEn el t. II, el impresor es la: "imprenta de F. Cao y D. de Val"; en los t. IV-VII: "imprenta de Domingo Molina"; en los t. VII-XLIII: "imprenta de Figuras y Figurones", el t. XLIV: "imprenta de Juan Iniesta y Lorenzo"
599 _aLas il. son retratos de los personajes.
650 0 4 _aEspañoles-
_yS.XIX-
_xBiografías.
_912478
852 _aES-MaACL
_jG-13230-32
_z-- Rust.
_q-- Sólo t.I, III y IV
856 _uhttp://bdh-rd.bne.es/viewer.vm?id=0000202823&page=1
_zBiblioteca Digital Hispánica
999 _c165116
_d165116